Holiday Quiz

Random Holiday or Christmas Quiz

Christmas Grab Bag Quiz Stats

 Plays Quiz not verified by Sporcle

Challenge
Share
Tweet
Embed
Score 0/100 Timer 10:00
0 Plays Today
Thing % Correct
tree
93.4%
presents
81.4%
Santa Claus
80.5%
snow
77.4%
reindeer
67.9%
Jesus Christ
67.5%
lights
61.2%
sleigh
60.8%
rudolph
59.3%
star
56.4%
caroling
56.4%
Stocking
55.3%
Elves
55.2%
angels
55.2%
mistletoe
54.1%
Jingle Bells
52.4%
snowmen
50.9%
ornaments
50.8%
cookies
48.4%
candy
46.5%
wreath
44.5%
tinsel
42.4%
dancer
40.9%
donner
40.4%
prancer
40.3%
comet
40.1%
vixen
39.8%
cupid
39.8%
blitzen
39.8%
manger
39.2%
egg nog
39%
dasher
38.6%
candy canes
38.5%
Frosty the Snowman
37.9%
Thing % Correct
red
37.8%
green
35.8%
family
35.5%
gold
32%
north pole
30.1%
wrapping paper
29.5%
white
29.5%
bows
28.9%
candles
27%
Nativity
26.9%
The Grinch
25.8%
garland
25.6%
A Christmas Carol
23.8%
ham
22.7%
Bethlehem
20.4%
hot chocolate
20.4%
chestnuts
20%
chocolate
18%
Nutcracker
16.5%
myrrh
14%
frankincense
12.6%
Partridge in a Pear Tree
12.5%
Silent Night
12.3%
poinsettia
12%
A Christmas Story
11.6%
Turtle Doves
11.1%
three kings
10.7%
French Hens
10.2%
ice skating
9.9%
white christmas
9.6%
Golden Rings
9.4%
Calling Birds
9.3%
magi
8.4%
List
8.3%
Thing % Correct
Nice
8.2%
Naughty
8.1%
figgy pudding
8.1%
Drummers Drumming
7.9%
Pipers Piping
7.2%
Ladies Dancing
7.1%
Miracle on 34th Street
7%
advent calendar
7%
Geese-a-laying
6.1%
Maids-a-milking
5.8%
Lords-a-leaping
5.7%
Swans-a-swimming
5.3%
snowball fight
5.1%
Bing Crosby
4.4%
apple cider
4.4%
Jerusalem
4.4%
Twelve Days of Christmas
4.2%
Boxing Day
4.2%
fudge
4.1%
Gabriel
4%
X-mas
3.7%
Secret Santa
3.6%
Salvation Army
2.9%
olive
2.7%
Bob Dylan
2.6%
Rockefeller Center
2.4%
antlers
2.1%
hot toddy
2.1%
Toys for Tots
1.8%
Rockettes
1.4%
Souper Bowl of Caring
0.9%
Yankee Swap
0.8%

You're not logged in!

Compare scores with friends on all Sporcle quizzes.
Join for Free
OR
Log In

You Might Also Like...

Show Comments

Extras

Top Quizzes Today


Score Distribution

Your Account Isn't Verified!

In order to create a playlist on Sporcle, you need to verify the email address you used during registration. Go to your Sporcle Settings to finish the process.

Report this User

Report this user for behavior that violates our Community Guidelines.

Details: